| 000 | 00689nam a2200241 a 4500 | ||
|---|---|---|---|
| 001 | BRCA_3899 | ||
| 005 | 20190320204451.0 | ||
| 008 | 070110s1928----au-a######---#000-0#eng-# | ||
| 041 | _aeng | ||
| 044 | _aau | ||
| 050 | 4 |
_aF1215 _b.S26 1928 |
|
| 100 | 1 |
_aSapper, Karl _910140 |
|
| 245 | 1 | 0 |
_aMexico Land, Volk und Wirtschaft _cKarl Sapper. |
| 260 |
_aWien _bL. W. Seidel _c1928 |
||
| 300 |
_a164 p. _bil., 1 mapa plegable _c22 cm. |
||
| 500 | _aC32 | ||
| 650 | 1 | 4 |
_aviajeros austriacos _98181 |
| 651 | 4 |
_aMéxico _xCondiciones económicas _92842 |
|
| 651 | 4 |
_aMéxico _xDescripción y viajes _9103 |
|
| 651 | 4 |
_aMéxico _xVida social y costumbres _9769 |
|
| 902 | _aGFM | ||
| 942 |
_2lcc _cB |
||
| 999 |
_c3627 _d3627 |
||